LDR 01080naa#a2200205#i#450# 001 RU\\bibl\123376 005 20260705195004.7 011 ## _a1994-4683 100 ## _a20230731b2023####ek#y0rusy0150####ca 102 ## _aRU 200 1# _aПСИХОЛОГИЯ КАК СОСТАВНАЯ ЧАСТЬ СОРЕВНОВАТЕЛЬНОЙ И ТРЕНИРОВОЧНОЙ ДЕЯТЕЛЬНОСТИ В ГИРЕВОМ СПОРТЕ _eЖурнальная статья 210 1# _aМосква _cНациональный государственный Университет физической культуры, спорта и здоровья им. П.Ф. Лесгафта _d2023 215 ## _a3 с. 608 ## _aЖурнальная статья _2local 675 ## _aСиловой спорт. 796.894 _z 700 #1 _aЖиводёров _gАлексей Валерьевич 700 #1 _aЕвдокимов _gИван Михайлович 700 #1 _aЖиводёров _gВалерий Александрович 700 #1 _aГрасюк _gНиколай Николаевич 856 4# _auchzapiski.lesgaft.spb.ru _u